| 000 | 00580nam a22002177a 4500 | ||
|---|---|---|---|
| 999 |
_c3926 _d3926 |
||
| 003 | OSt | ||
| 005 | 20210524101604.0 | ||
| 008 | 160509b xxu||||| |||| 00| 0 eng d | ||
| 020 | _a0748739777 | ||
| 040 | _cDDC. | ||
| 082 | _a572.86 LAT 1998. | ||
| 100 |
_aLatchman, David _98596 |
||
| 245 |
_aGene Regulation: _bA eukaryotic perspective . |
||
| 250 | _a3rd ed. | ||
| 260 |
_aCheltenham; _bStanley Thornes, _c1998. |
||
| 300 |
_axi,329p; _bcol,ill; _c26cm. |
||
| 504 | _aincludes index. | ||
| 650 |
_aGenes _95602 |
||
| 650 |
_aGenetics regulation _914285 |
||
| 942 |
_2ddc _cSLOAN |
||